Tilastot visalle Suomen yleisimmät sukunimet

Klikkaa tästä pelataksesi tätä visaa!

Yleistilastot

  • Tätä visaa on pelattu 39 192 kertaa
  • Keskiarvotulos 34 / 100

Vastaustilastot

MääräSukunimi% Oikein
23164Virtanen
87%
23396Korhonen
83%
6401Mäki
71%
14948Niemi
70%
16878Järvinen
68%
21139Mäkinen
68%
21070Nieminen
67%
12576Jokinen
61%
7948Lahti
59%
8153Saari
57%
19552Mäkelä
55%
11495Lahtinen
55%
15342Saarinen
53%
17823Koskinen
50%
7607Aho
50%
13530Salo
48%
8840Aalto
46%
7936Salmi
45%
15692Lehtinen
44%
18770Laine
44%
19178Hämäläinen
44%
9313Lehto
44%
15179Salminen
43%
10219Aaltonen
42%
11246Ahonen
42%
14321Salonen
42%
12879Rantanen
41%
17961Heikkinen
41%
8762Peltonen
40%
16710Lehtonen
40%
7549Suominen
39%
7461Halonen
39%
10305Kallio
39%
8621Niemelä
38%
9826Koivisto
36%
9308Laakso
36%
14589Heikkilä
36%
6740Vuorinen
36%
7865Koskela
35%
7849Ahola
35%
11586Savolainen
35%
12362Mattila
34%
12858Karjalainen
34%
8771Nurmi
33%
9633Laaksonen
33%
12865Tuominen
33%
8919Rantala
32%
15000Heinonen
32%
13825Turunen
31%
6749Nurminen
30%
8268Lappalainen
30%
9975Anttila
30%
7150Peltola
30%
11185Ojala
30%
11097Leppänen
29%
7298Mikkonen
29%
13113Laitinen
28%
14301Kinnunen
28%
6983Mikkola
28%
7892Seppänen
26%
8469Seppälä
26%
6387Andersson
25%
10040Manninen
25%
9227Toivonen
25%
8232Kettunen
24%
10365Miettinen
24%
6647Kokkonen
24%
10419Leinonen
24%
8690Johansson
24%
9526Hirvonen
24%
6665Harju
23%
6587Määttä
23%
9421Räsänen
23%
7133Oksanen
22%
10490Hiltunen
22%
6768Honkanen
21%
10449Väisänen
21%
10200Pitkänen
21%
8270Partanen
20%
7050Vainio
20%
7122Niskanen
20%
8044Kemppainen
20%
8001Kauppinen
20%
9898Hakala
20%
7508Pesonen
20%
9148Mustonen
20%
8545Hänninen
19%
6593Karppinen
19%
6631Rissanen
19%
8591Moilanen
19%
7761Huttunen
19%
7579Ikonen
19%
8455Pulkkinen
19%
7559Nyman
19%
7408Lindholm
19%
6795Immonen
18%
7234Koponen
18%
7518Kärkkäinen
18%
7099Heiskanen
17%
7093Karlsson
17%

Tulosjakauma

Persentiili vastausten määrän mukaan

Jokaisen tuloksen saaneiden osuus

Tuloshistoriasi

Et ole pelannut tätä visaa